| 000 | 02038nam a2200541 i 4500 | ||
|---|---|---|---|
| 001 | 25665 | ||
| 003 | KOSZ 005 | ||
| 005 | 20240405063038.0 | ||
| 008 | 200426s1973 pl f 000 0 pol | ||
| 015 | _aUWD 1973/2787 | ||
| 035 | _a991034371759705066 | ||
| 035 | _a(PL-WaBN)b19193543-48omnis_nlop | ||
| 035 | _ab19193543 | ||
| 035 | _a(OCoLC)830836537 | ||
| 035 | _a(PL)b0000001919354 | ||
| 035 | _a(EXLNZ-48OMNIS_NETWORK)9910041490005606 | ||
| 040 |
_aWA N _cWA N _dKOSZ 005/RW |
||
| 041 | 0 |
_apol _beng |
|
| 045 |
_bd1945 _bd1989 |
||
| 046 | _k1973 | ||
| 080 | _a339.54(438) | ||
| 100 | 1 |
_aNajlepszy, Eugeniusz _d(1940- ) _eAutor |
|
| 245 | 1 | 0 |
_aHandel zagraniczny w systemie planowania i zarządzania w Polsce / _cEugeniusz Najlepszy ; Poznańskie Towarzystwo Przyjaciół Nauk. Wydział Historii Nauk Społecznych. |
| 260 |
_aWarszawa : _bPaństwowe Wydawnictwo Naukowe, _c1973. |
||
| 300 |
_a135 stron ; _c24 cm. |
||
| 336 |
_aTekst _btxt _2rdacontent |
||
| 337 |
_aBez urządzenia pośredniczącego _bn _2rdamedia |
||
| 338 |
_aWolumin _bnc _2rdacarrier |
||
| 380 | _aKsiążki | ||
| 380 | _aPublikacje naukowe | ||
| 388 | _a1901-2000 | ||
| 388 | _a1945-1989 | ||
| 490 | 1 |
_aPrace Komisji Nauk Ekonomicznych / Poznańskie Towarzystwo Przyjaciół Nauk. Wydział Historii Nauk Społecznych, _x0554-8985 ; _vt. 4 |
|
| 504 | _aBibliografia na stronach [129]-131. | ||
| 546 | _aStreszczenie w języku angielskim. | ||
| 648 | 7 |
_a1901-2000 _2DBN |
|
| 648 | 7 |
_a1945-1989 _2DBN |
|
| 650 | 7 |
_aHandel zagraniczny _2DBN |
|
| 650 | 7 | _aPolityka | |
| 651 | 7 | _aPolska | |
| 655 | 7 | _aOpracowanie | |
| 658 | _aGospodarka, ekonomia, finanse | ||
| 710 | 2 |
_aPaństwowe Wydawnictwo Naukowe _4pbl |
|
| 830 | 0 |
_aPrace Komisji Nauk Ekonomicznych - Poznańskie Towarzystwo Przyjaciół Nauk _vt. 4 |
|
| 856 |
_uhttp://koha.tu.koszalin.pl/cgi-bin/koha/opac-detail.pl?biblionumber=25665 _yKatalog online BPK |
||
| 942 |
_2UKD _cKS |
||
| 999 |
_c25665 _d25665 |
||